Harriet Tubman - Statistics

General Stats
  • This quiz has been taken 24 times
  • The average score is 4 of 16
Answer Stats
Question Answer % Correct
Before escaping, Tubman was born into what? Slavery
95%
She rescued escaped slaves on the what? Underground Railroad
84%
When working on the Railroad, what was her codename? Moses
63%
During the American Civil War, Tubman worked as a what for the Union Army? Spy
53%
What was Harriet Tubman's birth name? Araminta
32%
Harriet Tubman was an American what? Abolitionist
26%
When did Tubman flee her owner? 1849
21%
Tubman was illiterate, mean that she couldn't what? Read or write
21%
What did Tubman suffer from? Narcolepsy
5%
Tubman had a bounty on her head. What was the sum? $12,000
0%
What did Tubman carry on her rescue missions? A pistol
0%
What did Tubman become in later years? A Suffragette
0%
How long did Tubman work on the Railroad for? Eight years
0%
What was Tubman known as? Moses of Her People
0%
Tubman is considered the first African-American woman to what? Serve in the military
0%
How many slaves did Tubman lead to freedom on the Railroad? Seventy
0%
No matching quizzes found
Score Distribution
Percent of People with Each Score
Percentile by Number Answered
Your Score History
You have not taken this quiz